000 01189nam a2200229Ia 4500
003 Ost
005 20260507074850.0
008 260507s9999||||xx |||||||||||||| ||und||
040 _cfsecg
041 _aara
082 _a332.12
100 _aناصر، سليمان
_eمؤلف
245 0 _aعلاقة البنوك الإسلامية بالبنوك المركزية في ظل المتغيرات الدولية الحديثة /
_c سليمان ناصر
260 _aالجزائر:
_bدار هومة للنشر والتوزيع ,
_c2006
300 _a531 صفحة؛
_bإيضاحات ؛
_c23 سم
504 _aبيبليوغرافيا: ص.491
520 _aيضم الأنظمة المصرفية التقليدية والاسلامية في ظل المتغيرات الدولية الحديثة، العلاقة بين البنوك الاسلامية والبنك المركزي التقليدي، علاقة البنوك الاسلامية بالبنك المركزي الاسلامي والهيئات الاشرافية الاسلامية
653 _aالبنوك
653 _aالبنوك الإسلامية
653 _aالبنوك المركزية
942 _cكتاب
999 _c41564
_d41564